000 00609nam a22001817a 4500
003 JO-AjAnu
005 20231127121710.0
008 231127b jo ||||| |||| 00| 0 ara d
020 _a9798552060030
040 _cJO-AjAnu
_dJO-AjAnu
041 0 _dENG
_hENG
050 _aHG4026.
_b2020
100 1 _aROBERTSON,BLAINE
_964481
_eouthor
245 0 _aCORPORATE FINANCIAL ANALYSIS
_bAdvanced Methods and Techniques for Analysis of Financial Statements,Reports and Markets:
_cBLAINE ROBERTSON
300 _a167pags
650 4 0 _aCorporations -- Accounting
_964483
_vCorporations -- Accounting
942 _2lcc
_cBK
_n0
999 _c33170
_d33170